[Event "MI Brandwein TNM: U1600"]
[Site "San Francisco"]
[Date "2019.08.27"]
[Round "4.41"]
[White "Radaelli, Lucas"]
[Black "Acharya, Aravind"]
[Result "1-0"]
[WhiteElo "1444"]
[BlackElo "1084"]
[PlyCount "63"]
[EventDate "2019.08.06"]
[EventType "swiss"]
[EventRounds "9"]
[EventCountry "USA"]

1. d4 f6 2. c4 e5 3. d5 Bc5 4. e4 Ne7 5. Nf3 O-O 6. Bd3 f5 7. exf5 d6 8. f6
Rxf6 9. Bg5 Rf8 10. Qc2 h6 11. Bh4 Qe8 12. Nbd2 Bf5 13. O-O Qh5 14. Bxe7 Re8
15. Bxf5 Rxe7 16. Bg6 Qg4 17. h3 Qg3 {Diagram [#]} 18. b4 $1 Bxf2+ 19. Rxf2 Nd7
20. Raf1 Nf6 21. Nh2 Rae8 22. Bxe8 Rxe8 23. Rf3 Qg5 24. Ne4 Qh4 25. Nxf6+ gxf6
26. Qg6+ Kh8 27. Qxe8+ Kg7 28. Qe7+ Kg8 29. Rxf6 Qd4+ 30. Kh1 Qf4 31. Rg6+ Kh8
32. Qg7# 1-0

[Event "MI Brandwein TNM: U1600"]
[Site "San Francisco"]
[Date "2019.08.27"]
[Round "4.42"]
[White "Serra, Owen"]
[Black "Ahrens, Richard WI"]
[Result "1-0"]
[WhiteElo "829"]
[BlackElo "1206"]
[PlyCount "55"]
[EventDate "2019.08.06"]
[EventType "swiss"]
[EventRounds "9"]
[EventCountry "USA"]

1. e4 c5 2. Bc4 d6 3. Nf3 Nc6 4. Bb5 Bd7 5. c4 Nf6 6. d3 a6 7. Ba4 e6 8. O-O
Be7 9. Nc3 O-O 10. Bf4 e5 11. Bg5 Rb8 12. Nd5 Nxd5 13. exd5 Nd4 14. Be3 Bxa4
15. Qxa4 Nxf3+ 16. gxf3 Bg5 17. Bxg5 Qxg5+ 18. Kh1 Qf4 19. Qd1 Rfe8 20. Rg1 h5
21. Rg3 g5 22. Qg1 f6 23. Qg2 Qd2 {Diagram [#]} 24. h4 $1 Kf7 25. hxg5 Rg8 $2 {
The g-pawn becomes a strong attacker. Black should have taken it and played ...
Rg8 to keep the disadvantage to a minimum.} 26. g6+ Kg7 27. Qh3 $1 Qxf2 28.
Qd7+ 1-0

[Event "MI Brandwein TNM: U1600"]
[Site "San Francisco"]
[Date "2019.08.27"]
[Round "4.44"]
[White "Dunlap, Steven"]
[Black "Frank, Robert H"]
[Result "1/2-1/2"]
[WhiteElo "1016"]
[BlackElo "1358"]
[PlyCount "42"]
[EventDate "2019.08.06"]
[EventType "swiss"]
[EventRounds "9"]
[EventCountry "USA"]

1. d4 Nf6 2. c4 e6 3. g3 c5 4. Nf3 cxd4 5. Nxd4 Nc6 6. Bf4 Bb4+ 7. Nd2 $2 {
Forgetting about the knight on d4! Nc3 would be usual.} Nxd4 8. e3 Nf3+ $2 {
Returning the favor. Retreating would stay a knight ahead.} 9. Qxf3 Qa5 10. e4
d5 11. cxd5 exd5 12. exd5 Qxd5 13. Qxd5 Nxd5 14. Bb5+ Kd8 15. O-O-O Bd7 16.
Bxd7 Kxd7 17. Nc4 Kc6 18. Ne5+ Kc5 19. Nd7+ Kc6 20. Ne5+ Kc5 {White could win
a bishop for two pawns with a3 followed by b4 check, but the players were in a
peaceful mood.} 21. Nd7+ Kc6 1/2-1/2

[Event "MI Brandwein TNM: U1600"]
[Site "San Francisco"]
[Date "2019.08.27"]
[Round "4.45"]
[White "Tabatabai, Ashkon"]
[Black "Badgett Jr, James"]
[Result "0-1"]
[WhiteElo "1074"]
[BlackElo "1084"]
[PlyCount "45"]
[EventDate "2019.08.06"]
[EventType "swiss"]
[EventRounds "9"]
[EventCountry "USA"]

1. e4 c5 2. d4 cxd4 3. Qxd4 Nc6 4. Qa4 a6 5. c4 e6 6. Nf3 Nf6 7. Nc3 Be7 8. Bg5
O-O 9. c5 Ra7 10. h3 Bxc5 11. e5 Qb6 12. Qc2 Nb4 13. Qd2 Nfd5 14. Bc4 Re8 15.
Bxd5 exd5 16. Nxd5 Nxd5 17. O-O-O Nb4 18. Kb1 Nc6 19. Qc2 a5 20. Bh4 g6 21. Ng5
d6 22. exd6 Bf5 23. Rd3 0-1

[Event "MI Brandwein TNM: Extra Rated"]
[Site "San Francisco"]
[Date "2019.08.27"]
[Round "4.47"]
[White "Robertson, Wade"]
[Black "Yamamoto, Craig"]
[Result "1-0"]
[WhiteElo "1249"]
[BlackElo "1500"]
[PlyCount "101"]
[EventDate "2019.08.06"]
[EventType "swiss"]
[EventRounds "9"]
[EventCountry "USA"]

{[%evp 0,75,32,32,29,-23,37,37,37,19,28,3,28,18,20,16,30,10,36,-22,10,8,40,59,
44,51,66,66,88,71,77,74,118,50,80,61,145,122,132,113,114,114,116,111,173,140,
140,142,142,142,207,207,253,250,274,274,267,267,256,256,246,246,249,249,244,
244,251,251,260,258,250,254,240,231,254,240,290,265]} 1. d4 Nf6 2. c4 g6 3. Nf3
Bg7 4. g3 O-O 5. Bg2 d6 6. O-O Nbd7 7. Nc3 c5 8. d5 Nb6 9. Nd2 Ng4 10. Qc2 Ne5
11. b3 f5 12. e3 Rf7 13. Bb2 Nbd7 14. Rad1 a6 15. h3 Nf6 16. a4 Rb8 17. Rfe1
Ne8 18. f4 Nd7 19. Nf3 h6 20. Nh4 Nf8 21. e4 g5 22. Nxf5 Bxf5 23. exf5 gxf4 24.
gxf4 Nc7 25. Bf3 Bf6 26. Kh2 b5 27. Rg1+ Kh8 28. Bh5 Rh7 29. Ne4 Nd7 30. axb5
axb5 31. Rg6 bxc4 32. Nxf6 Nxf6 33. bxc4 Nce8 34. Rdg1 Ng7 35. Be2 Qf8 36. Bd3
Qf7 37. Bc3 Rf8 38. Qf2 h5 39. Qh4 Kg8 40. Qg5 Kh8 41. Rh6 Kg8 42. Rxh7 Kxh7
43. Ra1 Nge8 44. Qg6+ Qxg6 45. fxg6+ Kh6 46. Ra7 Ng8 47. f5 Nef6 48. Kg3 Re8
49. Bd2+ Kg7 50. Bf4 Rd8 51. Bd2 1-0